Brooklyn : a novel /
| Autor Principal: | |
|---|---|
| Formato: | Libro |
| Idioma: | English |
| Publicado: |
New York :
Scribner,
2009.
|
| Edición: | 1st Scribner hardcover ed. |
| Subjects: | |
| Acceso en liña: | Contributor biographical information Publisher description Sample text |
| Classic Catalogue: | View this record in Classic Catalogue |
| LEADER | 01661nam a2200409 a 4500 | ||
|---|---|---|---|
| 001 | 28602 | ||
| 003 | BD-DhAAL | ||
| 005 | 20141118102500.0 | ||
| 008 | 141118s2009 nyu 000 1 eng | ||
| 010 | |a 2009001548 | ||
| 020 | |a 9781439138311 | ||
| 020 | |a 1439138311 | ||
| 020 | |a 9781439148952 (pbk.) | ||
| 020 | |a 9781439149829 (ebook) | ||
| 040 | |a DLC |c DLC |d DLC |d BD-DhAAL | ||
| 041 | |a eng | ||
| 043 | |a n-us-ny |a e-ie--- | ||
| 050 | 0 | 0 | |a PR6070.O455 |b B76 2009 |
| 082 | 0 | 0 | |a 823/.914 |2 22 |
| 100 | 1 | |a Tóibín, Colm, |d 1955- |9 6053 | |
| 245 | 1 | 0 | |a Brooklyn : |b a novel / |c Colm Tóibín. |
| 250 | |a 1st Scribner hardcover ed. | ||
| 260 | |a New York : |b Scribner, |c 2009. | ||
| 300 | |a 262 p. ; |c 22 cm. | ||
| 541 | |d 28602 | ||
| 650 | 0 | |a Irish |z United States |v Fiction. |9 6059 | |
| 650 | 0 | |a Women immigrants |v Fiction. |9 6060 | |
| 651 | 0 | |a Brooklyn (New York, N.Y.) |x History |y 20th century |v Fiction. |9 6061 | |
| 651 | 0 | |a Ireland |x History |y 20th century |v Fiction. |9 6062 | |
| 655 | 7 | |a Psychological fiction. |9 5686 | |
| 655 | 7 | |a Love stories. |2 gsafd |9 6063 | |
| 856 | 4 | 2 | |3 Contributor biographical information |u http://www.loc.gov/catdir/enhancements/fy0904/2009001548-b.html |
| 856 | 4 | 2 | |3 Publisher description |u http://www.loc.gov/catdir/enhancements/fy0906/2009001548-d.html |
| 856 | 4 | 1 | |3 Sample text |u http://www.loc.gov/catdir/enhancements/fy0906/2009001548-s.html |
| 942 | |2 ddc |c BK | ||
| 999 | |c 33069 |d 33069 | ||
| 952 | |0 0 |1 0 |2 ddc |4 0 |6 823_914000000000000_TOI |7 0 |9 44093 |a BRACUL |b BRACUL |c GEN |d 2014-11-18 |e BRAC Institute of Language (BIL) |l 6 |m 35 |o 823.914 TOI |p 3010028602 |r 2026-02-19 |s 2026-01-17 |t 1 |w 2014-11-18 |y BK |x Transferred from BIL to BRACUL on 06/06/22 | ||